[Event "TCh-CRO Gp1A"]
[Site "Sibenik CRO"]
[Date "2010.09.12"]
[Round "9"]
[White "Ramesa,D"]
[Black "Zaja,I"]
[Result "0-1"]
[WhiteElo "2326"]
[BlackElo "2482"]
[EventDate "2010.09.04"]

1. Nf3 Nf6 2. c4 e6 3. g3 b6 4. Bg2 Bb7 5. O-O Be7 6. Nc3 O-O 7. Re1 d5 8.
cxd5 Nxd5 9. e4 Nxc3 10. bxc3 c5 11. d4 cxd4 12. cxd4 Nc6 13. Bb2 Bf6 14.
Bc3 Qd7 15. Qd2 Rad8 16. Rad1 Qc8 17. Qb2 Rfe8 18. g4 Na5 19. Bxa5 bxa5 20.
g5 Be7 21. h4 Qa8 22. Ne5 f6 23. Nc4 Qb8 24. Nxa5 Ba8 25. Qxb8 Rxb8 26. Nb3
fxg5 27. hxg5 Bxg5 28. Bh3 Bf4 29. Nc5 Kf7 30. Nd3 g5 31. Nxf4 gxf4 32. Rd2
Rg8+ 33. Kh2 Rgd8 34. d5 exd5 35. exd5 Rb6 36. Be6+ Ke7 37. Re4 Rf8 38. Rc4
Kd6 39. Kh3 Rb5 40. Ra4 a5 41. Kg4 f3 42. Rd3 Rb4+ 43. Rd4 Rb5 44. Ra3 Ke5
45. Rdd3 Rb4+ 46. Kg3 a4 47. Re3+ Kd6 48. Rad3 Rb2 49. a3 Rb7 50. Bg4 Rg7
51. Re6+ Kc5 52. d6 h5 53. d7 Rxg4+ 54. Kh3 Rgg8 55. Rde3 Rd8 56. Re8 Bc6
57. Rc3+ Kd6 58. Rd3+ Kc7 0-1

[Event "TCh-CRO Gp1A"]
[Site "Sibenik CRO"]
[Date "2010.09.12"]
[Round "9"]
[White "Muse,M"]
[Black "Mufic,Go"]
[Result "1/2-1/2"]
[WhiteElo "2446"]
[BlackElo "2299"]
[EventDate "2010.09.04"]

1. Nf3 d5 2. g3 c6 3. Bg2 Nf6 4. O-O Bf5 5. d3 e6 6. c4 dxc4 7. dxc4 Qxd1
8. Rxd1 Nbd7 9. Nc3 Bc5 10. Nh4 Bc2 11. Rd2 Bg6 12. Nxg6 hxg6 13. Na4 Bb4
14. Rd1 O-O-O 15. Be3 Kc7 16. a3 Be7 17. h3 Nb6 18. Bf4+ Kc8 19. Nxb6+ axb6
20. b4 Rxd1+ 21. Rxd1 Rd8 22. Rd3 Ne8 23. Be3 b5 24. Rxd8+ Bxd8 25. cxb5
cxb5 26. Be4 Bf6 27. Bd3 Nd6 28. Bc5 Kc7 29. Bxd6+ Kxd6 30. Bxb5 Bb2 31. a4
Bc3 1/2-1/2

[Event "TCh-CRO Gp1A"]
[Site "Sibenik CRO"]
[Date "2010.09.12"]
[Round "9"]
[White "Sikanjic,B"]
[Black "Kovacevic,Vlat"]
[Result "0-1"]
[WhiteElo "2177"]
[BlackElo "2471"]
[EventDate "2010.09.04"]

1. d4 d5 2. c4 e6 3. g3 dxc4 4. Nf3 a6 5. a4 Nc6 6. Bg2 Rb8 7. O-O Nf6 8.
b3 cxb3 9. Bb2 Be7 10. Qxb3 O-O 11. Nbd2 b6 12. Rfd1 Bb7 13. e4 Nb4 14. Ne5
c5 15. dxc5 bxc5 16. Rac1 Ba8 17. Ndc4 Qc7 18. Qe3 Rbd8 19. h3 Rxd1+ 20.
Rxd1 Rd8 21. Rc1 Nc6 22. Nxc6 Bxc6 23. a5 Qb7 24. Re1 Qb4 25. Ne5 Bb5 26.
Bc3 Qb3 27. Qf3 c4 28. g4 h6 29. Rc1 Ba3 30. Rf1 Bb2 31. Nxf7 Kxf7 32. Bxb2
0-1

[Event "TCh-CRO Gp1A"]
[Site "Sibenik CRO"]
[Date "2010.09.12"]
[Round "9"]
[White "Bologan,V"]
[Black "Tiviakov,S"]
[Result "1-0"]
[WhiteElo "2690"]
[BlackElo "2637"]
[EventDate "2010.09.04"]

1. e4 d5 2. exd5 Qxd5 3. Nc3 Qd6 4. d4 Nf6 5. Nf3 c6 6. Ne5 Nbd7 7. Nc4 Qc7
8. Qf3 Nb6 9. Bf4 Qd7 10. h3 Nxc4 11. Bxc4 Qxd4 12. Bb3 e6 13. Rd1 Qb6 14.
O-O Be7 15. Ne4 Nxe4 16. Qxe4 O-O 17. Be5 c5 18. Rfe1 a5 19. Re3 Rd8 20.
Rxd8+ Qxd8 21. Rd3 Qf8 22. Ba4 f6 23. Bc7 f5 24. Qc4 Qf6 25. Qb5 Ra6 26.
Bxa5 e5 27. Rd8+ Bxd8 28. Qe8+ Qf8 29. Bb3+ Be6 30. Bxe6+ Rxe6 31. Qxe6+
Kh8 32. Qc8 Be7 33. Qxb7 e4 34. a4 Bf6 35. Bc7 c4 36. a5 1-0

[Event "TCh-CRO Gp1A"]
[Site "Sibenik CRO"]
[Date "2010.09.12"]
[Round "9"]
[White "Postny,E"]
[Black "Brkic,A"]
[Result "1/2-1/2"]
[WhiteElo "2595"]
[BlackElo "2564"]
[EventDate "2010.09.04"]

1. d4 Nf6 2. c4 g6 3. Nc3 d5 4. e3 Bg7 5. cxd5 Nxd5 6. Nxd5 Qxd5 7. Ne2 O-O
8. Nc3 Qd8 9. Be2 c5 10. d5 e6 11. e4 exd5 12. exd5 b6 13. O-O Bb7 14. Bf3
Nd7 15. d6 Bxf3 16. Qxf3 Qf6 17. Qd5 Rfe8 18. a4 Qe6 1/2-1/2

[Event "TCh-CRO Gp1A"]
[Site "Sibenik CRO"]
[Date "2010.09.12"]
[Round "9"]
[White "Rogic,D"]
[Black "Palac,M"]
[Result "1/2-1/2"]
[WhiteElo "2591"]
[BlackElo "2561"]
[EventDate "2010.09.04"]

1. e4 c5 2. Nf3 Nc6 3. d4 cxd4 4. Nxd4 e6 5. Nc3 Qc7 6. Be2 Nf6 7. O-O a6
8. Be3 Be7 9. f4 d6 10. a4 O-O 11. Kh1 1/2-1/2

[Event "TCh-CRO Gp1A"]
[Site "Sibenik CRO"]
[Date "2010.09.12"]
[Round "9"]
[White "Dizdar,G"]
[Black "Kovacevic,Bl"]
[Result "1/2-1/2"]
[WhiteElo "2555"]
[BlackElo "2459"]
[EventDate "2010.09.04"]

1. d4 d5 2. c4 e6 3. Nf3 Nf6 4. e3 Nbd7 5. Nc3 a6 6. Qc2 c5 7. cxd5 exd5 8.
Be2 Bd6 9. O-O O-O 10. Rd1 c4 11. b3 b5 12. bxc4 bxc4 13. e4 dxe4 14. Nxe4
Nxe4 15. Qxe4 Qc7 16. Bxc4 Bb7 17. d5 Ne5 18. Nxe5 Bxe5 19. Rb1 Bxh2+ 20.
Kh1 Rfe8 21. Qg4 Bc8 22. Qh4 Bf5 23. Rb2 Be5 24. Re2 Bf6 25. Qf4 Rec8 26.
Bb3 Bd7 27. Re4 a5 28. Ba4 Ra7 29. Be3 Rb7 30. g3 h6 31. Bxd7 1/2-1/2

[Event "TCh-CRO Gp1A"]
[Site "Sibenik CRO"]
[Date "2010.09.12"]
[Round "9"]
[White "Zivkovic,Vj"]
[Black "Zelcic,R"]
[Result "1/2-1/2"]
[WhiteElo "2379"]
[BlackElo "2554"]
[EventDate "2010.09.04"]

1. e4 c6 2. d4 d5 3. Nc3 dxe4 4. Nxe4 Bf5 5. Ng3 Bg6 6. h4 h6 7. Nf3 Nd7 8.
h5 Bh7 9. Bd3 Bxd3 10. Qxd3 Qb6 11. Bd2 Qxb2 12. O-O Qb5 13. c4 Qa6 14.
Rab1 Ngf6 15. Qb3 b6 16. Ne5 Qb7 17. Qf3 Rc8 18. Bb4 Qc7 19. Rfe1 c5 20.
Nxd7 Nxd7 21. dxc5 Nxc5 22. Nf5 e6 23. Qg4 Rh7 24. Nd4 Be7 25. Bxc5 Bxc5
26. Nxe6 fxe6 27. Qxe6+ Kf8 28. Rb3 Bd4 29. Qf5+ Kg8 30. Qd5+ Qf7 31. Qxd4
Qxh5 32. Qd7 Rf8 33. Rf3 Rxf3 34. gxf3 Qg6+ 35. Kf1 Rh8 36. Re6 Qb1+ 37.
Kg2 Kh7 38. Rxh6+ Kxh6 39. Qh3+ Kg5 40. Qxh8 Qg6 41. Qf8 Kh6+ 42. Kh2 Qh5+
43. Kg3 Qg5+ 44. Kh3 Qh5+ 45. Kg3 1/2-1/2

[Event "TCh-CRO Gp1A"]
[Site "Sibenik CRO"]
[Date "2010.09.12"]
[Round "9"]
[White "Loncar,R"]
[Black "Ribli,Z"]
[Result "1/2-1/2"]
[WhiteElo "2419"]
[BlackElo "2555"]
[EventDate "2010.09.04"]

1. e4 c5 2. Nf3 e6 3. b3 Nc6 4. Bb2 a6 5. c4 d6 6. d4 cxd4 7. Nxd4 Bd7 8.
g3 Nf6 9. Bg2 Be7 10. O-O O-O 11. Nc3 1/2-1/2

[Event "TCh-CRO Gp1A"]
[Site "Sibenik CRO"]
[Date "2010.09.12"]
[Round "9"]
[White "Sermek,D"]
[Black "Sulava,N"]
[Result "1/2-1/2"]
[WhiteElo "2524"]
[BlackElo "2552"]
[EventDate "2010.09.04"]

1. e4 c6 2. d4 d5 3. exd5 cxd5 4. c4 Nf6 5. Nc3 Nc6 6. Nf3 Bg4 7. cxd5 Nxd5
8. Qb3 Bxf3 9. gxf3 e6 10. Qxb7 Nxd4 11. Bb5+ Nxb5 12. Qc6+ Ke7 13. Qxb5
Qd7 14. Qxd7+ Kxd7 15. Nxd5 exd5 1/2-1/2

[Event "TCh-CRO Gp1A"]
[Site "Sibenik CRO"]
[Date "2010.09.12"]
[Round "9"]
[White "Cebalo,M"]
[Black "Fercec,N"]
[Result "1/2-1/2"]
[WhiteElo "2493"]
[BlackElo "2498"]
[EventDate "2010.09.04"]

1. d4 Nf6 2. Nf3 g6 3. c3 Bg7 4. Bf4 O-O 5. e3 d5 6. h3 c5 7. Nbd2 cxd4 8.
exd4 Nc6 9. Bd3 Bd7 10. O-O e6 1/2-1/2

[Event "TCh-CRO Gp1A"]
[Site "Sibenik CRO"]
[Date "2010.09.12"]
[Round "9"]
[White "Leventic,I"]
[Black "Golubovic,B"]
[Result "1/2-1/2"]
[WhiteElo "2498"]
[BlackElo "2406"]
[EventDate "2010.09.04"]

1. e4 c6 2. Nf3 d5 3. Nc3 Bg4 4. h3 Bxf3 5. Qxf3 e6 6. Be2 Nd7 7. d4 dxe4
8. Nxe4 Ngf6 9. O-O Nxe4 10. Qxe4 Nf6 11. Qd3 Be7 1/2-1/2

[Event "TCh-CRO Gp1A"]
[Site "Sibenik CRO"]
[Date "2010.09.12"]
[Round "9"]
[White "Eljanov,P"]
[Black "Sertic,Ru"]
[Result "1-0"]
[WhiteElo "2761"]
[BlackElo "2422"]
[EventDate "2010.09.04"]

1. d4 d5 2. c4 e6 3. Nc3 Nf6 4. cxd5 exd5 5. Bg5 Be7 6. e3 O-O 7. Bd3 Nbd7
8. Qc2 c6 9. Nf3 Re8 10. h3 Nf8 11. O-O g6 12. Rab1 Ne6 13. Bh6 Ng7 14. b4
a6 15. Na4 Bf5 16. Nc5 Bxd3 17. Qxd3 Qc8 18. Rfc1 Bd6 19. Ne5 Ne6 20. f4
Bc7 21. f5 Nxc5 22. bxc5 Bxe5 23. dxe5 Ne4 24. fxg6 hxg6 25. Bf4 Qd7 26.
Rb4 Qe7 27. Qd4 Rad8 28. Rb2 Rd7 29. Rbc2 Qh4 30. Rf1 Qe7 31. Rcc1 Qh4 32.
Bh2 Re6 33. Rf4 Qe7 34. Rcf1 Qe8 35. Rg4 Qe7 36. Rc1 Rd8 37. a3 Kg7 38. Rf4
Rh8 39. Rf3 Rf8 40. Qb4 Rd8 41. Rc2 Rd7 42. Qd4 Kg8 43. Rc1 Rd8 44. Rff1
Kg7 45. Rf4 Rh8 46. Qb4 Rd8 47. Rg4 Rc8 48. Qd4 Rh8 49. Bf4 Rh4 50. Bg5
Nxg5 51. Rxh4 Rxe5 52. Rb1 f6 53. Qb4 Nf7 54. Rf4 Rxe3 55. Rff1 Qe5 56. Qf4
Qxf4 57. Rxf4 Rxa3 58. Rxb7 Rc3 59. Ra4 g5 60. Rc7 Rxc5 61. Rxa6 Kg6 62.
Rcxc6 Rxc6 63. Rxc6 Kf5 64. Kf2 Ke5 65. g3 Nd6 66. Kf3 Nf5 67. Rc8 Nh6 68.
Re8+ Kd6 69. h4 Kd7 70. Re1 Kd6 71. Rh1 gxh4 72. gxh4 Ke5 73. Rg1 d4 74. h5
Kf5 75. Rg7 Ke6 76. Ke4 Nf5 77. Rg1 d3 78. Kxd3 Ke5 79. Rg4 Nh6 80. Rg6 Nf7
81. Kc4 Nd6+ 82. Kb4 Nf7 83. Kc5 Ke6 84. Kd4 Kf5 85. Kd5 Ng5 86. Rg7 1-0

[Event "TCh-CRO Gp1A"]
[Site "Sibenik CRO"]
[Date "2010.09.12"]
[Round "9"]
[White "Mrkonjic,N"]
[Black "Movsesian,S"]
[Result "1/2-1/2"]
[WhiteElo "2394"]
[BlackElo "2723"]
[EventDate "2010.09.04"]

1. d4 Nf6 2. Nf3 g6 3. Bf4 Bg7 4. e3 O-O 5. Be2 d6 6. c3 c5 7. dxc5 dxc5 8.
Qxd8 Rxd8 9. h3 Nc6 10. Nbd2 h6 11. Bc7 Re8 12. Bh2 Bf5 13. Ne5 Nxe5 14.
Bxe5 Red8 15. Bf3 Rd7 16. Bxf6 exf6 17. Bg4 Rad8 18. O-O-O Be6 19. Bxe6
fxe6 20. Ne4 b6 21. Rxd7 Rxd7 22. Rd1 Rxd1+ 23. Kxd1 f5 24. Nd6 a6 25. a4
Be5 26. Nc4 Bc7 27. Ke2 Kf7 28. Kd3 Ke7 29. b3 Kd7 30. Nd2 Be5 31. Nc4 Bc7
32. Nd2 Kc6 33. Nf3 Bd6 34. c4 Kd7 35. Nd2 Be5 36. Nf3 Bf6 37. Nd2 Ke7 38.
f4 e5 39. fxe5 Bxe5 40. e4 f4 41. Nf3 Ke6 42. h4 Bf6 43. Ke2 Bg7 44. Kd3 a5
45. Ke2 Bc3 46. Kd3 Bf6 47. Ke2 Bd4 48. Kd3 Bf2 49. Ke2 Bg3 50. Kd3 Kf6 51.
Ke2 Ke6 52. Kd3 Kf6 53. Ke2 Ke6 1/2-1/2

[Event "TCh-CRO Gp1A"]
[Site "Sibenik CRO"]
[Date "2010.09.12"]
[Round "9"]
[White "Kozul,Z"]
[Black "Vargic,D"]
[Result "1-0"]
[WhiteElo "2604"]
[BlackElo "2360"]
[EventDate "2010.09.04"]

1. d4 e6 2. c4 Nf6 3. Nf3 Bb4+ 4. Nbd2 d5 5. g3 O-O 6. Bg2 Re8 7. O-O Nbd7
8. Qc2 b6 9. Ne5 Bb7 10. Ndf3 Bf8 11. Bg5 Qc8 12. Bxf6 Nxf6 13. Ng5 Re7 14.
cxd5 exd5 15. e3 h6 16. Nh3 c5 17. Rac1 cxd4 18. exd4 Qd8 19. Nf4 Rc8 20.
Qa4 Rec7 21. Rxc7 Qxc7 22. Bh3 Re8 23. Ng4 Rd8 24. Nxf6+ gxf6 25. Nh5 Kh8
26. Re1 Bc6 27. Qc2 Qd6 28. Rc1 Be8 29. Bf5 a5 30. Qe2 b5 31. Qf3 Bg7 32.
Rc5 a4 33. Bd3 Qe6 34. Kg2 b4 35. Nf4 Qd6 36. Qh5 f5 37. Qxf5 Kg8 38. Nh5
Kf8 39. Qg4 Bh8 40. Bb5 Bxb5 41. Rxb5 Rb8 42. Ra5 a3 43. bxa3 bxa3 44. Nf4
Bxd4 45. Rxd5 Qc6 46. Qf3 1-0

[Event "TCh-CRO Gp1A"]
[Site "Sibenik CRO"]
[Date "2010.09.12"]
[Round "9"]
[White "Krstic,U"]
[Black "Jankovic,A"]
[Result "0-1"]
[WhiteElo "2410"]
[BlackElo "2560"]
[EventDate "2010.09.04"]

1. e4 c5 2. Nf3 Nc6 3. d4 cxd4 4. Nxd4 Nf6 5. Nc3 d6 6. Bc4 Qb6 7. Nde2 e6
8. Bb3 Bd7 9. Be3 Qc7 10. f4 b5 11. f5 Na5 12. fxe6 fxe6 13. Qd3 Qb7 14.
Ng3 b4 15. Nd1 Be7 16. Nf2 Nxb3 17. Qxb3 a5 18. a4 Rc8 19. c3 Qa6 20. cxb4
axb4 21. Qxb4 O-O 22. Qb6 Qc4 23. Qd4 d5 24. Qxc4 Rxc4 25. O-O Bxa4 26.
Rfc1 Rfc8 27. Rxc4 Rxc4 28. exd5 Nxd5 29. Ba7 Bf6 30. Rb1 Bc2 31. Re1 Nf4
32. Bb8 Bxb2 33. Bxf4 Rxf4 34. Re2 Rc4 35. Rxe6 Bd4 36. Kf1 Bb3 37. Re8+
Kf7 38. Re1 Rc2 39. Ne2 Bc4 40. Ne4 Kg6 41. N4g3 h5 42. Rd1 Be5 43. Kg1
Bxe2 44. Nxe2 Rxe2 45. h3 Bg3 46. Rf1 Re1 47. Rxe1 Bxe1 48. Kf1 Bg3 49. Ke2
Kf5 50. Kf3 Bf4 51. Ke2 Ke4 52. Kf2 Bc7 0-1

[Event "TCh-CRO Gp1A"]
[Site "Sibenik CRO"]
[Date "2010.09.12"]
[Round "9"]
[White "Kuljasevic,D"]
[Black "Ascic,P"]
[Result "1-0"]
[WhiteElo "2555"]
[BlackElo "2310"]
[EventDate "2010.09.04"]

1. d4 Nf6 2. c4 g6 3. Nf3 Bg7 4. g3 O-O 5. Bg2 c6 6. O-O d5 7. b3 Bf5 8.
Bb2 Na6 9. Nbd2 Ne4 10. e3 Qd7 11. Nxe4 Bxe4 12. Qe2 h6 13. Rfd1 Qe6 14.
Rac1 Rfd8 15. h3 Rd7 16. Bf1 g5 17. Ne5 Bxe5 18. dxe5 Rad8 19. f3 Bg6 20.
cxd5 Rxd5 21. e4 R5d7 22. Qe1 Nc7 23. Kh2 Kh7 24. Bc4 Rxd1 25. Rxd1 Qc8 26.
Rd2 b5 27. Bf1 Ne6 28. Qd1 a6 29. Rxd8 Nxd8 30. Bg2 Ne6 31. Qd2 Qd8 32.
Qxd8 Nxd8 33. Ba3 e6 34. Be7 Nb7 35. Kg1 Kg7 36. Kf2 Bh7 37. Ke3 Bg8 38.
Kd4 Bh7 39. Bf1 Bg8 40. Kc3 Kg6 41. a4 f5 42. exf6 e5 43. axb5 cxb5 44. b4
Be6 45. Bd3 h5 46. h4 gxh4 47. gxh4 Kf7 48. Be2 Kg6 49. Kd2 Bd7 50. f4 exf4
51. Bxh5+ 1-0

[Event "TCh-CRO Gp1A"]
[Site "Sibenik CRO"]
[Date "2010.09.12"]
[Round "9"]
[White "Drmic,T"]
[Black "Hulak,K"]
[Result "1/2-1/2"]
[WhiteElo "2302"]
[BlackElo "2510"]
[EventDate "2010.09.04"]

1. e4 c5 2. d3 Nc6 3. f4 g6 4. Nf3 Bg7 5. Be2 d6 6. O-O Nf6 7. c4 O-O 8.
Qe1 Ne8 9. Nc3 f5 10. Bd2 e6 11. h3 Nf6 12. Qh4 Nh5 13. Qxd8 Nxd8 14. e5
dxe5 15. Nxe5 Ng3 16. Rfd1 Nf7 17. Be3 Nxe5 18. fxe5 Bxe5 19. Bf3 Bd4 20.
Bxd4 cxd4 21. Nb5 Rd8 22. Re1 Kf7 23. b4 a6 24. Na3 Rb8 25. c5 b5 26. Nc2
Kf6 27. Kf2 f4 28. a4 Nf5 29. axb5 Rxb5 30. Reb1 Ne3 31. Na3 Rb8 32. b5
axb5 33. c6 Nd5 34. Nxb5 Rb6 35. Bxd5 exd5 36. Nxd4 Rxb1 37. Rxb1 Bf5 38.
Nxf5 Kxf5 39. c7 Rc8 40. Rc1 g5 41. Rc6 h5 42. Ke2 g4 1/2-1/2